Gregorius Berzeviczy and the evolution of economic thought in Slovakia

Ekonóm Gregor František Berzeviczy (1763-1822) a jeho významné práce, ktoré ovplyvnili vývoj ekonomického myslenia na Slovensku.

Saved in:
Bibliographic Details
Main Author: Unčovský, Ladislav
Format: Book Chapter
Language:English
Subjects:
Tags: Add Tag
No Tags, Be the first to tag this record!

MARC

LEADER 00000naa a2200000 4500
001 r039421
005 20230929073136.9
041 0 |a eng 
044 |a SK 
245 1 0 |a Gregorius Berzeviczy and the evolution of economic thought in Slovakia  |c Ladislav Unčovský 
520 |a Ekonóm Gregor František Berzeviczy (1763-1822) a jeho významné práce, ktoré ovplyvnili vývoj ekonomického myslenia na Slovensku. 
610 2 0 |a myslenie ekonomické 
610 2 0 |a história 
610 2 0 |a Slovensko 
610 2 0 |a Berzeviczy, G. 
610 2 0 |a hospodárstvo národné 
100 1 |a Unčovský, Ladislav